LEADER 02740nam 2200469 n 450 001 996383928203316 005 20200824120920.0 035 $a(CKB)1000000000595808 035 $a(EEBO)2240913095 035 $a(UnM)99850981e 035 $a(UnM)99850981 035 $a(EXLCZ)991000000000595808 100 $a19920318d1622 uy | 101 0 $aeng 135 $aurbn||||a|bb| 200 00$aM. Blundeuile his exercises$b[electronic resource] $econtayning eight treatises, the titles whereof are set downe in the next printed page: which treatises are very necessary to be read and learned of all yong gentlemen that haue not beene exercised in such disciplines, and yet are desirous to haue knowledge as well in cosmographie, astronomie, and geographie, as also in the art of nauigation ... To the furtherance of which art of nauigation, the sayd Master Blundeuile specially wrote the said treatises, and of meere good will doth dedicate the same to all young gentlemen of this realme 205 $aThe sixth edition corrected and augmented. 210 $aLondon $cPrinted by William Stansby, and are to be sold by Richard Meighen, at his shop vnder Saint Clements Church without Temple Barre$d1622 215 $a[16], 799, [3] p., 5 folded plates $cill 300 $aThe first leaf is blank. 300 $a"A brief description of vniuersall maps and cardes" has separate dated title page; "A briefe description of the tables of the three speciall right lines belonging to a circle, called signes, lines tangent, and lines secant", "A plaine treatise of the first principles of cosmographie", "A plaine description of Mercator his two globes", "A plaine and full description of Petrus Plancius his vniuersall mappe", "A verie briefe and most plaine description of Mr. Blagraue his astrolabe", "A nevv and necessarie treatise of nauigation" have separate title pages; pagination and register are continuous. 300 $a"A briefe description of universall maps and cards" was first published separately in 1589. 300 $aReproduction of the original in the British Library. 330 $aeebo-0018 606 $aAstronomy$vEarly works to 1800 606 $aArithmetic$vEarly works to 1900 606 $aEarly maps$vEarly works to 1800 606 $aTrigonometry$vEarly works to 1800 615 0$aAstronomy 615 0$aArithmetic 615 0$aEarly maps 615 0$aTrigonometry 700 $aBlundeville$b Thomas$ffl. 1561.$01000912 702 $aBlundeville$b Thomas$ffl. 1561.$4aut 801 0$bCu-RivES 801 1$bCu-RivES 801 2$bCStRLIN 801 2$bWaOLN 906 $aBOOK 912 $a996383928203316 996 $aM. Blundeuile his exercises$92297468 997 $aUNISA LEADER 02066nas 2200541- 450 001 996484571703316 005 20230206213018.0 011 $a2767-035X 035 $a(DE-599)ZDB3120378-4 035 $a(OCoLC)1238153379 035 $a(CKB)5460000000186155 035 $a(CONSER)--2021200388 035 $a(EXLCZ)995460000000186155 100 $a20210223a20229999 --- a 101 0 $aeng 135 $aur||||||||||| 181 $ctxt$2rdacontent 182 $cc$2rdamedia 183 $acr$2rdacarrier 200 10$aJournal of sustainable agriculture and environment 210 1$a[Melbourne] :$cJohn Wiley & Sons Australia, Ltd, published on behalf of Global Initiative of Crop Microbiome and Sustainable Agriculture,$d2022- 300 $aRefereed/Peer-reviewed 531 0 $aJ. sustain. agric. enrivon. 606 $aSustainable agriculture$vPeriodicals 606 $aAgriculture$xEnvironmental aspects$vPeriodicals 606 $aAlternative agriculture$vPeriodicals 606 $aAgriculture durable$vPériodiques 606 $aAgriculture$xAspect de l'environnement$vPériodiques 606 $aAgriculture$xTechnologie appropriée$vPériodiques 606 $aAgriculture$xEnvironmental aspects$2fast$3(OCoLC)fst00801499 606 $aAlternative agriculture$2fast$3(OCoLC)fst00806134 606 $aSustainable agriculture$2fast$3(OCoLC)fst01139712 608 $aPeriodicals.$2fast 615 0$aSustainable agriculture 615 0$aAgriculture$xEnvironmental aspects 615 0$aAlternative agriculture 615 6$aAgriculture durable 615 6$aAgriculture$xAspect de l'environnement 615 6$aAgriculture$xTechnologie appropriée 615 7$aAgriculture$xEnvironmental aspects. 615 7$aAlternative agriculture. 615 7$aSustainable agriculture. 676 $a630 712 02$aGlobal Initiative of Crop Microbiome and Sustainable Agriculture. 906 $aJOURNAL 912 $a996484571703316 996 $aJournal of sustainable agriculture and environment$92804787 997 $aUNISA